[Event "Stay Safe Play From Home 241"]
[Site "Emanuel Lasker Arena"]
[Date "2020.06.21"]
[Round "9"]
[White "Konmos"]
[Black "Haris kollari 13"]
[Result "1-0"]
[WhiteElo "1722"]
[BlackElo "1742"]
[Annotator "NA"]
[PlyCount "61"]
[EventDate "2020.06.21"]
[EventType "swiss (blitz)"]

1. e4 {[%emt 0:00:02]} e6 {[%emt 0:00:00]} 2. d4 {[%emt 0:00:01]} d5 {[%emt 0:00:00]} 3. exd5 {[%emt 0:00:00]} exd5 {[%emt 0:00:01]} 4. c4 {[%emt 0:00:00]} c6 {[%emt 0:00:01]} 5. Nc3 {[%emt 0:00:00]} Nf6 {[%emt 0:00:01]} 6. Bg5 {[%emt 0:00:00]} Be7 {[%emt 0:00:01]} 7. Bd3 {[%emt 0:00:01]} Be6 {[%emt 0:00:01]} 8. cxd5 {[%emt 0:00:03]} cxd5 {[%emt 0:00:02]} 9. Nf3 {[%emt 0:00:01]} Nc6 {[%emt 0:00:01]} 10. O-O {[%emt 0:00:01]} h6 {[%emt 0:00:01]} 11. Bh4 {[%emt 0:00:02]} O-O {[%emt 0:00:01]} 12. Re1 {[%emt 0:00:00]} a6 {[%emt 0:00:01]} 13. a3 {[%emt 0:00:00]} Re8 {[%emt 0:00:01]} 14. Rc1 {[%emt 0:00:01]} Rc8 {[%emt 0:00:01]} 15. Bb1 {[%emt 0:00:01]} g5 {[%emt 0:00:04]} 16. Bg3 {[%emt 0:00:01]} Bg4 {[%emt 0:00:01]} 17. Qd3 {[%emt 0:00:01]} Bh5 {[%emt 0:00:08]} 18. Ne5 {[%emt 0:00:02]} Bf8 {[%emt 0:00:10]} 19. Nxc6 {[%emt 0:00:02]} bxc6 {[%emt 0:00:02]} 20. f4 {[%emt 0:00:03]} g4 {[%emt 0:00:05]} 21. f5 {[%emt 0:00:04]} Re7 {[%emt 0:00:03]} 22. Rxe7 {[%emt 0:00:03]} Qxe7 {[%emt 0:00:01]} 23. Re1 {[%emt 0:00:01]} Qd7 {[%emt 0:00:01]} 24. Be5 {[%emt 0:00:05]} Bg7 {[%emt 0:00:01]} 25. Qe3 {[%emt 0:00:03]} Re8 {[%emt 0:00:04]} 26. Qg3 {[%emt 0:00:02]} Ne4 {[%emt 0:00:02]} 27. Qh4 {[%emt 0:00:02]} Bxe5 {[%emt 0:00:04]} 28. dxe5 {[%emt 0:00:01]} d4 {[%emt 0:00:01]} 29. Nxe4 {[%emt 0:00:01]} Rxe5 {[%emt 0:00:01]} 30. Nf6+ {[%emt 0:00:02]} Kf8 {[%emt 0:00:02]} 31. Rxe5 {[%emt 0:00:01] Time (Lag: Av=0.41s, max=0.5s)} 1-0

[Event "Stay Safe Play From Home 241"]
[Site "Emanuel Lasker Arena"]
[Date "2020.06.21"]
[Round "9"]
[White "Trotsky"]
[Black "W Nelles"]
[Result "1-0"]
[WhiteElo "1557"]
[BlackElo "1120"]
[Annotator "NA"]
[PlyCount "55"]
[EventDate "2020.06.21"]
[EventType "swiss (blitz)"]

1. d4 {[%emt 0:00:02]} e6 {[%emt 0:00:01]} 2. e3 {[%emt 0:00:01]} Nf6 {[%emt 0:00:01]} 3. c4 {[%emt 0:00:01]} b6 {[%emt 0:00:02]} 4. Nc3 {[%emt 0:00:01]} Bb7 {[%emt 0:00:01]} 5. Qc2 {[%emt 0:00:01]} c5 {[%emt 0:00:01]} 6. f3 {[%emt 0:00:00]} cxd4 {[%emt 0:00:01]} 7. exd4 {[%emt 0:00:01]} Nc6 {[%emt 0:00:02]} 8. Be3 {[%emt 0:00:03]} Nb4 {[%emt 0:00:03]} 9. Qb1 {[%emt 0:00:01]} a5 {[%emt 0:00:01]} 10. a3 {[%emt 0:00:01]} Nc6 {[%emt 0:00:03]} 11. Bd3 {[%emt 0:00:01]} e5 {[%emt 0:00:02]} 12. d5 {[%emt 0:00:02]} Ne7 {[%emt 0:00:06]} 13. Qc2 {[%emt 0:00:01]} Ng6 {[%emt 0:00:02]} 14. h4 {[%emt 0:00:01]} Nh5 {[%emt 0:00:03]} 15. Nh3 {[%emt 0:00:01]} Ng3 {[%emt 0:00:01]} 16. Rh2 {[%emt 0:00:01]} e4 {[%emt 0:00:04]} 17. fxe4 {[%emt 0:00:01]} Bd6 {[%emt 0:00:04]} 18. O-O-O {[%emt 0:00:02]} Ne2+ {[%emt 0:00:03]} 19. Bxe2 {[%emt 0:00:04]} Bxh2 {[%emt 0:00:01]} 20. Bd4 {[%emt 0:00:02]} Bf4+ {[%emt 0:00:02]} 21. Kb1 {[%emt 0:00:02]} Be5 {[%emt 0:00:03]} 22. Ng5 {[%emt 0:00:05]} Bxd4 {[%emt 0:00:05]} 23. Rxd4 {[%emt 0:00:01]} Ne5 {[%emt 0:00:05]} 24. Nf3 {[%emt 0:00:03]} f6 {[%emt 0:00:03]} 25. Nxe5 {[%emt 0:00:02]} fxe5 {[%emt 0:00:01]} 26. Rd3 {[%emt 0:00:01]} O-O {[%emt 0:00:01]} 27. Rg3 {[%emt 0:00:01]} Qf6 {[%emt 0:00:01]} 28. Qd1 {[%emt 0:00:02] Zeit (Lag: Av=0.47s, max=0.7s)} 1-0

[Event "Stay Safe Play From Home 241"]
[Site "Emanuel Lasker Arena"]
[Date "2020.06.21"]
[Round "9"]
[White "Pedrorojas"]
[Black "Don59as"]
[Result "0-1"]
[WhiteElo "1447"]
[BlackElo "2016"]
[Annotator "NA"]
[PlyCount "66"]
[EventDate "2020.06.21"]
[EventType "swiss (blitz)"]

1. d4 {[%emt 0:00:27]} d5 {[%emt 0:00:04]} 2. Bf4 {[%emt 0:00:01]} e6 {[%emt 0:00:01]} 3. e3 {[%emt 0:00:00]} Nf6 {[%emt 0:00:00]} 4. c4 {[%emt 0:00:01]} Be7 {[%emt 0:00:01]} 5. Nc3 {[%emt 0:00:02]} O-O {[%emt 0:00:01]} 6. Qb3 {[%emt 0:00:00]} dxc4 {[%emt 0:00:02]} 7. Bxc4 {[%emt 0:00:01]} Nc6 {[%emt 0:00:00]} 8. Nf3 {[%emt 0:00:02]} Na5 {[%emt 0:00:01]} 9. Qa4 {[%emt 0:00:01]} Nxc4 {[%emt 0:00:00]} 10. Qxc4 {[%emt 0:00:00]} c6 {[%emt 0:00:03]} 11. O-O {[%emt 0:00:01]} Nd5 {[%emt 0:00:00]} 12. Bg3 {[%emt 0:00:03]} Bd7 {[%emt 0:00:03]} 13. Rac1 {[%emt 0:00:02]} Bf6 {[%emt 0:00:01]} 14. Ne4 {[%emt 0:00:01]} h6 {[%emt 0:00:02]} 15. a3 {[%emt 0:00:01]} Re8 {[%emt 0:00:02]} 16. b4 {[%emt 0:00:01]} Qe7 {[%emt 0:00:03]} 17. Nd6 {[%emt 0:00:01]} Reb8 {[%emt 0:00:03]} 18. e4 {[%emt 0:00:01]} b5 {[%emt 0:00:01]} 19. Qc5 {[%emt 0:00:02]} Nb6 {[%emt 0:00:04]} 20. e5 {[%emt 0:00:06]} Bg5 {[%emt 0:00:01]} 21. h4 {[%emt 0:00:05]} Bxc1 {[%emt 0:00:02]} 22. Rxc1 {[%emt 0:00:00]} Nc4 {[%emt 0:00:04]} 23. Ne4 {[%emt 0:00:00]} Qxc5 {[%emt 0:00:01]} 24. dxc5 {[%emt 0:00:00]} Be8 {[%emt 0:00:02]} 25. Rd1 {[%emt 0:00:00]} Rd8 {[%emt 0:00:01]} 26. Nd6 {[%emt 0:00:01]} Nxd6 {[%emt 0:00:01]} 27. exd6 {[%emt 0:00:00]} f6 {[%emt 0:00:01]} 28. Ne5 {[%emt 0:00:00]} fxe5 {[%emt 0:00:01]} 29. Bxe5 {[%emt 0:00:00]} Bd7 {[%emt 0:00:00]} 30. Re1 {[%emt 0:00:00]} Rf8 {[%emt 0:00:01]} 31. f4 {[%emt 0:00:00]} Rf5 {[%emt 0:00:00]} 32. g4 {[%emt 0:00:00]} Rxe5 {[%emt 0:00:00]} 33. fxe5 {[%emt 0:00:00]} Rf8 {[%emt 0:00:01]} 0-1